| 000 | 00836cam a2200253u 4500 | ||
|---|---|---|---|
| 001 | 21191 | ||
| 003 | BD-RjUL | ||
| 005 | 20211209000647.0 | ||
| 008 | 140303r19671906enk 000 0 eng d | ||
| 035 | _a(BD-RjUL)21255 | ||
| 040 |
_aDLC _cCarP _dBD-RjUL _beng |
||
| 041 | _aeng | ||
| 082 |
_a823.1 _bMAL 1967 |
||
| 100 | 1 |
_aMalory, Thomas, _dactive 15th century. _965486 |
|
| 245 | 1 | 3 |
_aLe morte Darthur; _bSir Thomas Malory's book of King Arthur and of his noble knights of the Round table ... _pV-2 |
| 260 |
_aLondon : _bEverymans Library, _c1906 [Reprinted 1967]. |
||
| 300 |
_axvi, 411 p. ; _c19 cm. |
||
| 650 | 0 |
_aArthurian romances. _965487 |
|
| 700 | 1 |
_aRhys, John _965488 |
|
| 730 | 0 |
_aArthur, King (Romances, etc.) [from old catalog] _965493 |
|
| 942 |
_2ddc _cBK |
||
| 999 |
_c21191 _d21191 |
||